000 00576nam a2200241Ia 4500
003 OSt
005 20220912151945.0
006 a|||||r|||| 00| 0
007 ta
008 220909b |||||||| |||| 00| 0 eng d
024 _a63813
037 _cTextual
040 _aCSL
_beng
_cCSL
041 _aeng
082 _aB113, K6
100 _aKlose Orval M
245 0 _aNumber systems and operations of arithmetic
260 _c1966
300 _ap.
_ccm.
650 _aArithmetic
942 _hB113, K6
_cTEXL
_2CC
999 _c78035
_d78035